| 000 | 00690nam a22001937a 4500 | ||
|---|---|---|---|
| 999 |
_c166357 _d166357 |
||
| 005 | 20190722130444.0 | ||
| 010 | _aENG-126033 | ||
| 020 |
_a9788178443065 _c1495.00 |
||
| 035 | _aEN-109565 | ||
| 037 | _bDBAD/PUB | ||
| 082 | _a507.8 | ||
| 100 | _aKansal, Devinder K. | ||
| 245 |
_aA textbook of sports science : _cby Devinder K.Kansal _btest evaluation accreditation measurement and standards (teams) / |
||
| 260 |
_aNew Delhi _bR.K. Pulblications _c2018 |
||
| 270 |
_a4806/24, Bharat Ram Road, Darya Ganj _bNew Delhi _e110002 _k011-23285167, 65185557 _minfo@kkpublications.com |
||
| 300 |
_a603p. _c24cm(Hb) |
||
| 500 | _aIncludes index | ||
| 942 |
_2ddc _cEN _h507.8 _mKAN |
||